Представление документа в формате RUSMARC

ПолеНазваниеЗначение
  Тип записи a
  Библиографический уровень m
001 Контрольный номер 89a83a32dcf4479f87c9f90b8a501b19
005 Дата корректировки 20170609111817.2
200 Заглавие и сведения об ответственности 1_
a Заглавие Международное частное право
b Общее обозначение материала Текст
e Сведения, относящиеся к заглавию Задания для самостоятельной работы студентов и методические рекомендации по их выполнению для студентов всех форм обучения специальности 030501 "Юриспруденция"
e Сведения, относящиеся к заглавию [учебно-методическое пособие]
210 Выходные данные 1_
a Место издания Волгоград
c Издательство Волгоградский кооперативный институт (филиал) Российского университета кооперации
d Дата издания 2007
215 Физическое описание __
a Объем 36 с.
320 Библиография __
a Библиография Библиогр.
600 Персоналии _1
a Персоналии (Фамилия) Международное частное право
686 Индексы других классификаций __
a Классификационный индекс 67.93
700 Автор _1
a Фамилия Гринькова
b Имя Н.В.
852 Данные о местонахождении __
i Авторский знак Г 856
901 Тип документа __
t Тип документа m
911 __
u 0020=учебно-методическое
u 002c=о/д
938 Служебная информация __
a Название организации Волгоградский филиал
b Имя БД Учебно-методическая литература_ВКИ
c Название АИБС АИБС МАРК-SQL
990 __
h 71
j 93
n 4162